00330nam a2200145Ia 4500008004000000041000800040082001200048100001900060245002800079260003700107650001100144650001200155650001100167650000600178210210b1954 xxu||||| |||| 00| 0 eng d aeng a580/193 aNADKARNI (A K) aIndian materia medica I aBombaybPopular Book Depotc1954 amedica amateria aIndian aI